|
|
|
|
| LEADER |
00000nab a2200000 ar4500 |
| 001 |
vtls010200533 |
| 003 |
SK-MaSNL |
| 005 |
20260305032621.0 |
| 008 |
101230c2010 xo wr|p|||||||000 b|slo |
| 038 |
|
|
|a PPPK
|
| 040 |
|
|
|a PPPKCL
|b slo
|c PPPKCL
|e AACR2
|
| 041 |
0 |
|
|a slo
|
| 044 |
|
|
|a xo
|c SK
|
| 080 |
|
|
|a 656.835.11
|2 2001
|
| 080 |
|
|
|a 2-559:656.835.11
|2 2001
|
| 245 |
0 |
0 |
|a Biskup požehnal známku
|c [text a foto] (bšl)
|
| 300 |
|
|
|b Fotogr.
|
| 600 |
1 |
7 |
|a Tondra, František,
|d 1936-2012
|2 pppkcl
|9 107714
|
| 610 |
2 |
7 |
|a Kostol Nanebovzatia Panny Márie (Ľubica, Slovensko)
|2 pppkcl
|9 226385
|
| 648 |
|
7 |
|a 2010
|2 pppkcl
|9 324355
|
| 650 |
0 |
7 |
|a poštové známky
|2 pppkcl
|9 51141
|
| 650 |
0 |
7 |
|a inaugurácia
|2 pppkcl
|9 29877
|
| 651 |
|
7 |
|a Ľubica (Slovensko)
|2 pppkcl
|9 51312
|
| 651 |
|
7 |
|a Kežmarok (Slovensko : okres)
|2 pppkcl
|9 51824
|
| 773 |
0 |
|
|t Podtatranské noviny
|g Roč. LI, č. 49 (2010), s. 1 a 3
|x 1210-2423
|
| 852 |
|
|
|a PPPK
|b KIS3GCP
|
| 999 |
|
|
|c 3320869
|d 3322799
|